| 000 | 00581 a2200193 4500 | ||
|---|---|---|---|
| 020 | _a067222660X | ||
| 082 | _a005.133 | ||
| 090 |
_c6500 _d6500 |
||
| 100 | 1 | 0 | _aLafore, Robert |
| 245 | 1 | 4 |
_aThe Waite Group's Turbo C programming for the PC _c/ Robert Lafore. |
| 260 | 0 |
_aIndianapolis, Ind. _b: H.W. Sams & Co. _c, [1988], c1989. |
|
| 300 |
_axx, 696 p. _b: ill. _c; 25 cm. |
||
| 500 | _aIncludes index. | ||
| 650 | 0 |
_aIBM microcomputers _xProgramming. |
|
| 650 | 0 | _aC (Computer program language) | |
| 700 | 1 | 1 | _aLafore, Robert |
| 710 | 2 | 0 | _aWaite Group. |
| 942 |
_cBK _k005.133 LAF |
||
| 999 |
_c10331 _d10331 |
||